<?xml version="1.0" encoding="utf-8"?>
<?xml-stylesheet type='text/xsl' href='./oai2.xsl'?>
<OAI-PMH xmlns="http://www.openarchives.org/OAI/2.0/" xmlns:xsi="http://www.w3.org/2001/XMLSchema-instance" xsi:schemaLocation="http://www.openarchives.org/OAI/2.0/ http://www.openarchives.org/OAI/2.0/OAI-PMH.xsd">
  <responseDate>2026-05-15T22:40:55Z</responseDate>
  <request verb="GetRecord" metadataPrefix="marcxml" identifier="record_kuniweb_22051">https://kulturerbe.niedersachsen.de/oai</request>
  <GetRecord>
    <record>
      <header>
        <identifier>record_kuniweb_22051</identifier>
        <datestamp>2015-06-19T12:07:43Z</datestamp>
        <setSpec>slg0103</setSpec>
      </header>
      <metadata>
        <marc:record xmlns:marc="http://www.loc.gov/MARC21/slim" xsi:schemaLocation="http://www.loc.gov/MARC21/slim http://www.loc.gov/standards/marcxml/schema/MARC21slim.xsd">
          <marc:leader>12345nem  22     uu 4500</marc:leader>
          <marc:controlfield tag="001">22051</marc:controlfield>
          <marc:controlfield tag="003">http://kuniweb.gbv.de</marc:controlfield>
          <marc:controlfield tag="005">2015-04-18T18:28:12</marc:controlfield>
          <marc:controlfield tag="008">|           ||||||||||||||||||||||</marc:controlfield>
          <marc:datafield tag="245" ind1="1" ind2="0">
            <marc:subfield code="a">Royaume de Westphalie. Departement de la Leine – Charte von dem Departement der Leine des Königreichs Westphalen</marc:subfield>
          </marc:datafield>
          <marc:datafield tag="700" ind1="1" ind2=" ">
            <marc:subfield code="a">Smalian</marc:subfield>
            <marc:subfield code="d">* 1785 † 1848</marc:subfield>
            <marc:subfield code="e">Vorbild / Ideengeber</marc:subfield>
          </marc:datafield>
          <marc:datafield tag="655" ind1=" " ind2="7">
            <marc:subfield code="a">Karten</marc:subfield>
          </marc:datafield>
          <marc:datafield tag="046" ind1=" " ind2=" ">
            <marc:subfield code="k">1809</marc:subfield>
            <marc:subfield code="k">Veröffentlichung 1809</marc:subfield>
          </marc:datafield>
          <marc:datafield tag="260" ind1=" " ind2=" ">
            <marc:subfield code="g">1809</marc:subfield>
            <marc:subfield code="g">Veröffentlichung 1809</marc:subfield>
          </marc:datafield>
          <marc:datafield tag="300" ind1=" " ind2=" ">
            <marc:subfield code="a">Höhe: 45 cm
Breite: 52,5 cm</marc:subfield>
          </marc:datafield>
          <marc:datafield tag="520" ind1=" " ind2=" ">
            <marc:subfield code="a">Maßstäbe (in cm): 
5 Myriameter zu 10 auf einen neuen französischen Grad =17,7 – 5 geographische Meilen zu 15 auf einen Breitengrad = 13.1 – 10 Lieues zu 25 auf einen Breitengrad = 15,8
Ausrichtung: Norden
Rückseite: leer

Anmerkungen: 
Der Verlag gibt an, der habe den Specialatlas des Königreichs Westfalen, bestehend aus acht Departements- und einer General-Karte, auf höchsten Königlichen Befehl nach Official-Quellen entworfen und herausgegeben (vgl. „Königreich Westfalen“  02). – Die Karte enthält eine statistische Übersicht über die dargestellten Bezirke und ihre Kantone mit Anzahl der Einwohner 1808.

Veröffentlicht in:
im „Special-Atlas des Königreichs Westphalen“, Verlag des Geographischen Instituts, Weimar 1809

Literatur in Zusammenhang:
U. Kühn-Stillmark and Steiner, W., “Friedrich Justin Bertuch : ein Leben im klassischen Weimar zwischen Kultur und Kommerz”. Böhlau, Weimar [u.a.], 2001. (S. 129)

Literatur in Zusammenhang:
J. G. H. Hassel, “Statistisch-topographische Übersichtstafel des Departements der Aller im Königreich Westfalen - der Elbe - der Fulda - des Harzes - der Leine - der Niederelbe - des Norden - der Ocker - der Werra”. Vieweg, Braunschweig, 1811.</marc:subfield>
          </marc:datafield>
          <marc:datafield tag="650" ind1="1" ind2=" ">
            <marc:subfield code="a">Napoleonische Kriege</marc:subfield>
          </marc:datafield>
          <marc:datafield tag="650" ind1="1" ind2=" ">
            <marc:subfield code="a">Landkarte</marc:subfield>
          </marc:datafield>
          <marc:datafield tag="773" ind1="0" ind2=" ">
            <marc:subfield code="t">Sammlung Körber-Einbeck</marc:subfield>
          </marc:datafield>
          <marc:datafield tag="852" ind1=" " ind2=" ">
            <marc:subfield code="a">Institut für Historische Landesforschung der Universität Göttingen</marc:subfield>
          </marc:datafield>
          <marc:datafield tag="" ind1=" " ind2=" ">
            <marc:subfield code="a">Namensnennung-Nicht kommerziell 4.0 International (CC BY-NC 4.0))</marc:subfield>
          </marc:datafield>
        </marc:record>
      </metadata>
    </record>
  </GetRecord>
</OAI-PMH>
